000
00335nam a22001577a 4500
003
SGT
020
_a
978-93-80704-97-5
082
_a
617.51
_b
C13W
100
_a
WAKODE, P.T
245
_a
CLINICAL METHODS IN ENT
250
_a
2ND
260
_a
NEW DELHI
_b
JAYPEE PUB
_c
2013
300
_a
228
650
_a
AYURVEDA
942
_2
ddc
_c
BK
999
_c
14904
_d
14904